Eurovision Song Lyrics - Austria - Statistics

General Stats
  • This quiz has been taken 52 times
  • The average score is 384 of 451
Answer Stats
Answer % Correct
a
100%
I
100%
the
100%
Edgar
98%
Edgar?
98%
(Edgar
98%
he
98%
hell
98%
is
98%
Poe,
98%
Poe
98%
(Poe,
98%
Poe)
98%
Who
98%
Allan
95%
Allan,
95%
Allan)
95%
body
95%
in
95%
It
95%
it
95%
my
95%
an
93%
there
93%
and
91%
ghost
91%
Oh
91%
Oh,
91%
There's
91%
there's
91%
it's
86%
can
84%
lyricist
84%
me,
84%
me
84%
think
84%
your
81%
God,
79%
three
79%
Zero
79%
zero
79%
not
77%
padre,
77%
padre
77%
you're
77%
dot
74%
good
74%
how
74%
resist
74%
such
74%
to
74%
writer
74%
be
72%
Don't
72%
I'm
72%
know
72%
mio
72%
but
70%
can't
70%
pay
70%
this
70%
did
67%
funny
67%
hand,
65%
happy
65%
his
65%
so
65%
that
65%
what
65%
about?
63%
about
63%
cannot
63%
fast
63%
for
63%
moving
63%
on
63%
possessed
63%
really
63%
At
60%
brain
60%
call
60%
least
60%
rent
60%
will
60%
out,
58%
out
58%
champagne
56%
Gas
56%
Give
56%
gonna
56%
heck
56%
make
56%
pays
56%
rich
56%
song
56%
A&R?
53%
free
53%
Maybe
53%
station
53%
two
53%
years,
53%
doctor
51%
should
51%
special,
51%
star
51%
'Cause
49%
dinner
49%
or
49%
someone
49%
feeling
47%
Yeah,
47%
are
44%
get
44%
knows
44%
Ugh!
44%
Universal,
44%
What's
44%
exorcist
42%
where
42%
spilling
40%
words
40%
Girl,
37%
Shakespeare
37%
taste
35%
Oh-oh-oh-oh-oh-oh
16%
(Oh-oh-oh-oh-oh-oh)
16%
Mhm
14%
Where's
12%
IPI?
9%
Oh-oh-oh-oh-ohh-ohh
0%
Poе,
0%
No matching quizzes found
Score Distribution
Percent of People with Each Score
Percentile by Number Answered
Your Score History
You have not taken this quiz